Score 0/100 Timer 15:00
0 Plays Today
Rank Name % Correct
2Jennifer
97.3%
1Jessica
95%
5Sarah
94.4%
34Mary
93.9%
23Laura
93.6%
3Amanda
93.1%
30Sara
92.8%
7Melissa
91.5%
9Elizabeth
91.5%
41Maria
91.2%
15Rachel
91%
17Lauren
90.7%
6Stephanie
90.5%
32Katherine
90.5%
19Christina
90.2%
63Catherine
90.2%
53Anna
89.7%
4Ashley
89.4%
12Michelle
89.4%
16Amy
89.4%
31Lisa
89.4%
8Nicole
89.1%
24Emily
89.1%
88Julia
88.3%
48Christine
88.1%
22Rebecca
87.5%
51Julie
87.5%
29Kelly
85.9%
56Victoria
85.1%
10Heather
84.4%
49Allison
83.8%
18Kimberly
83%
43Katie
83%
26Samantha
82.8%
Rank Name % Correct
25Danielle
82.5%
91Hannah
82.2%
14Megan
81.4%
27Angela
81.2%
54Natalie
81.2%
73Diana
81.2%
20Brittany
80.9%
28Erin
80.6%
33Andrea
80.6%
42Kristin
79.3%
96Susan
79.3%
85Alexandra
79%
80Karen
78.8%
36Erica
78.5%
61Patricia
77.5%
38Kristen
76.9%
46Vanessa
76.4%
45Alicia
75.6%
95Margaret
75.6%
13Amber
75.1%
11Tiffany
74.8%
83Melanie
73.5%
81Jenna
72.4%
47Lindsay
71.6%
44Lindsey
71.4%
89Alyssa
71.1%
50Kathryn
70.8%
21Crystal
69.8%
57Jacqueline
69.8%
37Courtney
69.2%
39Shannon
69%
84Valerie
69%
58Monica
68.7%
59Holly
68.7%
Rank Name % Correct
68Veronica
68.2%
62Kristina
67.9%
82Leah
67.9%
67Chelsea
67.4%
72Stacy
67.4%
76Meghan
66.8%
35Jamie
66%
71Kathleen
65.8%
74Erika
65.8%
98Bethany
65.8%
55Kayla
65.5%
77Dana
64.2%
92Brittney
63.7%
64Cynthia
63.4%
52Tara
63.1%
87Jasmine
62.6%
78Carrie
62.3%
60Cassandra
61.3%
94Sandra
60.7%
86Brooke
59.4%
40April
58.4%
93Stacey
57.6%
90Caitlin
56.2%
75Natasha
53.8%
70Leslie
52.8%
66Whitney
51.2%
65Brandy
48.8%
79Krystal
45.9%
99Casey
44%
69Brandi
42.2%
100Katrina
40.6%
97Candice
35.8%
Remove Ads.
Support Sporcle.
Get the best of Sporcle when you Go Orange. This ad-free experience offers more features, more stats, and more fun while also helping to support Sporcle. Thank you for becoming a member.

You're not logged in!

Compare scores with friends on all Sporcle quizzes.
OR
Log In

Show Comments

Extras

Created Jul 2, 2012SourceReportNominate
Tags:100, Baby, girl, Top 100

Top Quizzes Today


Score Distribution

Your Account Isn't Verified!

In order to create a playlist on Sporcle, you need to verify the email address you used during registration. Go to your Sporcle Settings to finish the process.

Report this User

Report this user for behavior that violates our Community Guidelines.

Details: